A canção dos pássaros (Record no. 194896)

MARC details
000 -LÍDER
campo de controle de tamanho fixo 00271 a2200121 4500
001 - NÚMERO DE CONTROLE
campo de controle 194896
040 ## - FONTE DA CATALOGAÇÃO
Instituição que transcreveu o registro Magnum
100 ## - ENTRADA PRINCIPAL--NOME PESSOAL
Nome pessoal Baleiro, Zeca
240 10 - TÍTULO UNIFORME
Título uniforme A canção dos pássaros
Idioma da obra por
245 10 - TÍTULO
Título A canção dos pássaros
697 ## - ENTRADA DE ASSUNTO LOCAL--ENTIDADE COLETIVA (RLIN)
Nome corporativo ou nome da jurisdição LITERATURA INFANTIL
942 ## - ELEMENTOS DE ENTRADA ADICIONADOS (KOHA)
Tipo de material Koha Livros
Holdings
Situação do descarte Situação das perdas Situação física Não pode ser emprestado Biblioteca de origem Biblioteca atual Data de aquisição Total de empréstimos Número de chamada completo Código de barras Data de último acesso Data do preço efetivo Tipo de material Koha
        Magnum Magnum 08/06/2024   869.0.1328 MAG00075583 08/06/2024 08/06/2024 Livros